Fun and profit in stamp collecting (Record no. 2104)

000 -LEADER
fixed length control field 00323nam a22000977a 4500
008 - FIXED-LENGTH DATA ELEMENTS--GENERAL INFORMATION
fixed length control field 161114b xxu||||| |||| 00| 0 eng d
100 ## - MAIN ENTRY--AUTHOR'S NAME
Author's Name Herst, Herman
245 ## - TITLE STATEMENT
Title Fun and profit in stamp collecting
260 ## - PUBLICATION, DISTRIBUTION, ETC. (IMPRINT)
Place of publication, distribution, etc. New York
Name of publisher, distributor, etc. Duell, Sloan and Pearce,
Date of publication, distribution, etc. 1962
650 ## - TOPICAL TERM (Tag)
Topical term or geographic name Collecting | Guides and Handbooks | Investment and Speculation
Holdings
Withdrawn status Lost status Source of classification or shelving scheme Damaged status Koha normalized classification for sorting Not for loan Collection code Permanent Location Current Location Date acquired Total Checkouts Full call number Barcode Date last seen Price effective from Koha item type
        G3200 A11 H5729 Not For Loan   Northern Philatelic Library Northern Philatelic Library 11/14/2016   G3200 A11 H5729 1002444 04/15/2017 11/14/2016 Books

Powered by Koha